00411nam a2200157Ia 45000010006000000050017000060080041000230410008000640820015000721000029000872450084001162600009002003000028002096500008002376540008002451995620260306172730.0260306t2008||||xx |||||||||||||| ||spa|| aESP a341.8bC64 aBoza Dibos, BeatrizeAUT 0aCompendio de jurisprudencia:bética y responsabilidad profesional del Abogado c2008 a178 páginas :c20 cm. aGEN aCDE